000 00936nas a2200277 4500
001 BR7405940
003 BR-BrBNA
005 20231205082739.0
007 ta
008 230509b bl.|||p| |||| 00| 00por d
040 _aBR-BrBNA
_bpor
_cBiblioteca Nacional de Agricultura
041 _a(Pt)
072 _aF22; F60
100 1 _aMagalhaes, A.F.
245 1 _aUso de resina de troca anionica na avaliacao do fosforo disponivel para as plantas, 2: Estudo comparativo com a solucao deMehlich (Carolina do Norte)[Sorgo; Analise quimica; Rio Grande do Sul; Brasil]
650 _aQuimica do solo
650 _aNutricao vegetal
650 _aFosforo
650 _aSorgo
650 _aResina
650 _aAnalise quimica
650 _aRio Grande do Sul
773 0 _tAgronomia Sulriograndense (Brazil)
_xISSN 0400-8111
_g(1974), v. 10(1) p. 171-176
_wBR7405940
909 _a202311
_bLúcia
_c55
_dLúcia Elande
942 _2AGRIS
_n0
_cANA
999 _c93996
_d93996